| 000 | 00473nam a2200157 i 4500 | ||
|---|---|---|---|
| 001 | 145908 | ||
| 003 | ES-MaACL | ||
| 005 | 20230906201343.0 | ||
| 007 | t| | ||
| 008 | 071017s1960 sp ||||1| spa d | ||
| 100 | 1 |
_aVega, Luis Antonio de. _9113571 |
|
| 245 | 1 | 0 |
_aAmilcar Barca _b: fundador de España / _cLuis Antonio de Vega. |
| 260 |
_aMadrid : _bCultura Clásica y Moderna, _c[1960] |
||
| 300 |
_a300 p., 11 lám. ; _c22 cm. |
||
| 852 |
_aES-MaACL _jC-19775 _bR.47276 |
||
| 999 |
_c145908 _d145908 |
||